[Event "BEL-ch U16"]
[Site "Blankenberge"]
[Date "2017.04.13"]
[Round "7"]
[White "Dallemagne, Maximillien"]
[Black "Guerit, Justin"]
[Result "1-0"]
[WhiteElo "1850"]
[BlackElo "1667"]
[PlyCount "131"]
[EventDate "2017.04.09"]
[EventType "swiss"]
[EventRounds "9"]
[EventCountry "BEL"]
[SourceTitle "CBM 178 Extra"]
[Source "ChessBase"]
[SourceDate "2017.06.22"]
[SourceVersion "1"]
[SourceVersionDate "2017.06.22"]
[SourceQuality "1"]

1. d4 d5 2. Nf3 Nf6 3. e3 Bf5 4. c4 c6 5. Nc3 e6 6. Bd3 Bxd3 7. Qxd3 Nbd7 8. 0-0 Bb4 9. a3 Be7 10. Nd2 0-0 11. f4 Ne8 12. Nf3 f5 13. h3 Nd6 14. c5 Ne4 15. Ne2 Qe8 16. g3 Qh5 17. Kg2 g5 18. Nd2 Ndf6 19. fxg5 Qxg5 20. Nf3 Qg7 21. Bd2 Nxd2 22. Qxd2 Ne4 23. Qe1 Bg5 24. Nxg5 Qxg5 25. Nf4 Rae8 26. Nd3 h5 27. h4 Qe7 28. Ne5 Kh7 29. Qe2 Nf6 30. b4 Rg8 31. Kh3 Kh6 32. Qf3 Ng4 33. Qf4+ Kh7 34. a4 Nxe5 35. Qxe5 Rg4 36. Rf4 Reg8 37. Rg1 Qg7 38. Rxg4 Qxe5 39. dxe5 Rxg4 40. Rb1 Rc4 41. Kg2 Kg7 42. Kf3 a6 43. Ke2 Kf8 44. Rb2 Ke8 45. Rb3 Kd8 46. Rb2 Kc7 47. a5 Re4 48. Kf3 Rg4 49. Rb3 Rc4 50. Ke2 Kd7 51. Kf2 Ke7 52. Kf3 Kf7 53. Rb2 Kg6 54. Rb3 Re4 55. Rb2 Rxe5 56. b5 cxb5 57. Rc2 Re4 58. c6 bxc6 59. Rxc6 Kf6 60. Rxa6 Ra4 61. Ra8 b4 62. a6 b3 63. Rb8 Rxa6 64. Rxb3 Ra7 65. Rb8 Rh7 66. Kf4 1-0

[Event "BEL-ch U14"]
[Site "Blankenberge"]
[Date "2015.04.18"]
[Round "9"]
[White "Guerit, Justin"]
[Black "Vermaercke, Reinout"]
[Result "1-0"]
[WhiteElo "1556"]
[BlackElo "1200"]
[PlyCount "129"]
[EventDate "2015.04.12"]
[EventType "swiss"]
[EventRounds "9"]
[EventCountry "BEL"]
[SourceTitle "CBM 166 Extra"]
[Source "ChessBase"]
[SourceDate "2015.06.18"]
[SourceVersion "1"]
[SourceVersionDate "2015.06.18"]
[SourceQuality "1"]

1. e4 e5 2. Nf3 Nc6 3. Bc4 Bc5 4. c3 Nf6 5. d3 d6 6. Bb3 0-0 7. Nbd2 Be6 8. Bc2 Bb6 9. Nf1 d5 10. exd5 Bxd5 11. Ng3 Re8 12. 0-0 e4 13. dxe4 Bxe4 14. Qxd8 Raxd8 15. Nxe4 Nxe4 16. Bf4 Nc5 17. Rfe1 g6 18. Bh6 Ne6 19. Re2 Ng7 20. Rae1 Rxe2 21. Rxe2 Re8 22. Rd2 Ne5 23. Nxe5 Rxe5 24. Kf1 Re7 25. Rd8+ Re8 26. Rd7 Nf5 27. Bxf5 gxf5 28. Rd5 f6 29. Rxf5 Kf7 30. Rd5 Ke6 31. Rd1 c6 32. Re1+ Kf7 33. Rxe8 Kxe8 34. Be3 Bxe3 35. fxe3 Ke7 36. Kf2 Ke6 37. Kf3 f5 38. Kf4 h6 39. g4 fxg4 40. Kxg4 Ke5 41. Kh5 Ke4 42. Kxh6 Kxe3 43. h4 Kd2 44. Kg6 Kc2 45. h5 Kxb2 46. h6 Kxc3 47. h7 c5 48. h8Q+ Kc4 49. Qb8 b5 50. Qxa7 Kb4 51. Qg7 Kc4 52. Qb2 b4 53. Qb3+ Kd4 54. a3 bxa3 55. Qxa3 c4 56. Qc1 Kd3 57. Kf5 c3 58. Kf4 Kd4 59. Qc2 Kc4 60. Ke4 Kb4 61. Kd4 Ka3 62. Qxc3+ Ka4 63. Qb2 Ka5 64. Kc5 Ka6 65. Qb6# 1-0

[Event "BEL-ch U14"]
[Site "Blankenberge"]
[Date "2015.04.13"]
[Round "3"]
[White "Guerit, Justin"]
[Black "Fivez, Stev"]
[Result "1-0"]
[WhiteElo "1556"]
[BlackElo "1150"]
[PlyCount "65"]
[EventDate "2015.04.12"]
[EventType "swiss"]
[EventRounds "9"]
[EventCountry "BEL"]
[SourceTitle "CBM 166 Extra"]
[Source "ChessBase"]
[SourceDate "2015.06.18"]
[SourceVersion "1"]
[SourceVersionDate "2015.06.18"]
[SourceQuality "1"]

1. e4 e5 2. Nf3 Nc6 3. Bc4 Nf6 4. d3 d6 5. Ng5 d5 6. exd5 Nxd5 7. Qf3 Be6 8. Nxe6 fxe6 9. Bb5 Qf6 10. Bxc6+ bxc6 11. Qe4 Bc5 12. 0-0 0-0 13. Qe2 Qe7 14. Qxe5 Qd6 15. Qxd6 cxd6 16. Nd2 Nf6 17. Nf3 e5 18. Be3 Bb6 19. Rfe1 Rfe8 20. Rad1 Rad8 21. h3 h6 22. Nd2 Rb8 23. Bxb6 axb6 24. Ne4 Nxe4 25. Rxe4 d5 26. Re3 Re7 27. Rde1 Rbe8 28. Kf1 e4 29. dxe4 Rxe4 30. Rxe4 Rxe4 31. Rxe4 dxe4 32. Ke2 Kf7 33. Ke3 1-0